Progresívny elektrochemický senzor na stanovenie liečiva znižujúceho mortalitu ochorenia COVID-19

Guardado en:
Detalles Bibliográficos
Autor principal: Benková, Alžbeta (Autor)
Otros Autores: Švorc, Ľubomír (Orientador)
Formato: Manuscrito Libro
Lenguaje:eslovaco
Publicado: 2021
Materias:
Acceso en línea:http://is.stuba.sk/zp/portal_zp.pl?podrobnosti=157646
Etiquetas: Agregar Etiqueta
Sin Etiquetas, Sea el primero en etiquetar este registro!

MARC

LEADER 00000ntm a22000003a 4500
001 stuzp84617
003 SK-STU
005 20210605210742.5
007 ta
008 150427s2015----xo-----f-mn---000-0-slo-d
040 |a STU  |b slo 
041 0 |a slo 
100 1 |a Benková, Alžbeta  |u 041000  |4 aut  |U FCHPT Fakulta chemickej a potravinárskej technológie  |T FCHPT Ústav analytickej chémie  |X 88576  |U C1000  |Y 99  |7 88576 
242 0 1 |a Progressive electrochemical sensor for the determination of a drug reducing COVID-19 mortality  |y eng 
245 1 0 |a Progresívny elektrochemický senzor na stanovenie liečiva znižujúceho mortalitu ochorenia COVID-19 
260 |c 2021 
650 4 |a dexametazón  |2 slo 
650 4 |a COVID-19  |2 slo 
650 4 |a štvorcovo-vlnová voltampérometria  |2 slo 
650 4 |a diferenčná pulzová voltampérometria  |2 slo 
650 4 |a farmaceutická analýza  |2 slo 
650 4 |a dexamethasone  |2 eng 
650 4 |a COVID-19  |2 eng 
650 4 |a square-wave voltammetry  |2 eng 
650 4 |a pharmaceutical analysis  |2 eng 
650 4 |a differential pulse voltammetry  |2 eng 
700 1 |a Švorc, Ľubomír  |u 041000  |k Z1  |4 ths  |U FCHPT Fakulta chemickej a potravinárskej technológie  |T FCHPT Ústav analytickej chémie  |X 19350  |U C1000  |Y 99  |7 A000019350 
856 4 |u http://is.stuba.sk/zp/portal_zp.pl?podrobnosti=157646